Croatia Anthem Lyrics - Statistics

General Stats
  • This quiz has been taken 15 times
  • The average score is 10 of 16
Answer Stats
Stihovi % Correct
Lijepa naša domovino,
100%
Oj, junačka zemljo mila,
86%
Da bi vazda sretna bila!
79%
Stare slave djedovino,
79%
Da svoj narod Hrvat ljubi!
71%
Teci, Dravo, Savo, teci,
71%
Mila, kuda si planina!
64%
Dok mu mrtve grobak krije,
57%
Sinje more, svijetu reci,
57%
Dok mu hrašće bura vije,
50%
Dok mu živo srce bije!
50%
Mila, kano si nam slavna,
50%
Mila, kuda si nam ravna,
50%
Mila, si nam ti jedina,
50%
Nit' ti, Dunav, silu gubi,
43%
Dok mu njive sunce grije,
36%
No matching quizzes found
Score Distribution
Percent of People with Each Score
Percentile by Number Answered
Your Score History
You have not taken this quiz